Harry Potter Series Survivors Quiz Stats

 Plays Quiz not verified by Sporcle

Challenge
Share
Tweet
Embed
Score 0/25 Timer 02:00
1 Play Today
% Correct
Rubeus Hagrid
94.5%
Draco Malfoy
94.5%
Neville Longbottom
94.3%
Minerva Mcgonagall
94.1%
Narcissa Malfoy
92.8%
Dudley Dursley
92.8%
George Weasley
92.4%
Argus Filch
91.7%
Filius Flitwick
91.3%
Dean Thomas
90.8%
Horace Slughorn
90.6%
Oliver Wood
90.4%
Sybill Trelawney
90.2%
% Correct
Xenophilius Lovegood
89.1%
Crookshanks
88.9%
Gilderoy Lockhart
87.8%
Parvati Patil
87.6%
Aberforth Dumbledore
87.3%
Kreacher
86.9%
Arabella Figg
83.6%
Mundungus Fletcher
81.9%
Anthony Goldstein
78.8%
Garrick Ollivander
78.6%
Terry Boot
78.2%
Walden Macnair
56.6%

You're not logged in!

Compare scores with friends on all Sporcle quizzes.
OR
Log In

You Might Also Like...

Show Comments

Extras

Top Quizzes Today


Score Distribution

Your Account Isn't Verified!

In order to create a playlist on Sporcle, you need to verify the email address you used during registration. Go to your Sporcle Settings to finish the process.

Report this User

Report this user for behavior that violates our Community Guidelines.

Details: